[Event "Cannes op"]
[Site "Cannes"]
[Date "1995.??.??"]
[Round "7"]
[White "Sarthou, Gaetan"]
[Black "Marinelli, Tullio"]
[Result "0-1"]
[WhiteElo "2280"]
[BlackElo "2425"]

1.e4 c5 2.Nc3 d6 3.Nge2 Nf6 4.d4 cxd4 5.Nxd4 a6 6.Be3 e5 7.Nf3 Qc7 8.Be2 Be7
9.O-O O-O 10.a4 Be6 11.Nd5 Bxd5 12.exd5 a5 13.Rc1 Nbd7 14.Ne1 Nc5 15.c4 Nfd7
16.g4 Qd8 17.f4 exf4 18.Bxf4 Qb6 19.Kh1 Rae8 20.Nf3 Bf6 21.g5 Be5 22.Nxe5 Nxe5
23.Qc2 Re7 24.Bg3 Rfe8 25.h4 g6 26.Bf2 Qc7 27.Kg2 Qc8 28.Qd1 Qd8 29.Bxc5 dxc5
30.Bf3 Qd6 31.Rc2 Nd7 32.Bg4 Re3 33.Bxd7 Qxd7 34.Kg1 Qh3 35.Rh2 Qg3+ 36.Rg2 Qd6
37.Qg4 Re1 38.Rf2 R1e4 39.Qf3 R8e7 40.Rh2 Rxc4 41.h5 Qe5 42.hxg6 hxg6 43.d6 Qxd6
44.b3 Qd4+ 45.Kh1 Rc3 46.Qf6 Qe4+ 47.Rg2 Rh3+ 48.Kg1 Qh4  0-1

[Event "Cannes op"]
[Site "Cannes"]
[Date "1995.??.??"]
[Round "7"]
[White "Santo Roman, Marc"]
[Black "Sulipa, Aleksandar"]
[Result "1-0"]
[WhiteElo "2465"]
[BlackElo "2430"]

1.e4 c5 2.Nf3 d6 3.d4 cxd4 4.Nxd4 Nf6 5.Nc3 a6 6.Be3 e5 7.Nb3 Be6 8.Qd2 Nbd7
9.O-O-O b5 10.f3 Qc7 11.g4 h6 12.Nd5 Bxd5 13.exd5 Rc8 14.Kb1 Be7 15.h4 Nb6
16.Bxb6 Qxb6 17.Bh3 Rc4 18.Qd3 g6 19.c3 Nd7 20.h5 g5 21.Rhe1 O-O 22.Re4 Rfc8
23.Nd2 R4c7 24.Ree1 Nc5 25.Qe3 Qb7 26.Ne4 b4 27.cxb4 Qxb4 28.Bf1 Rb8 29.Qd2 Qa4
30.Rc1 Rcb7 31.Rc2 Qa3 32.Nxc5 dxc5 33.Bd3 e4 34.fxe4 Bd8 35.Bc4 Ba5 36.Re3 Rxb2+
37.Rxb2 Rxb2+ 38.Qxb2 Qxe3 39.Qe2 Qg1+ 40.Kc2  1-0

[Event "Cannes op"]
[Site "Cannes"]
[Date "1995.??.??"]
[Round "8"]
[White "Moal, Alain"]
[Black "Kleinplatz, Sam"]
[Result "1-0"]
[WhiteElo "2325"]
[BlackElo "2365"]

1.e4 c5 2.Nf3 d6 3.d4 cxd4 4.Nxd4 Nf6 5.Nc3 a6 6.Be3 Ng4 7.Bg5 h6 8.Bh4 g5
9.Bg3 Bg7 10.Be2 h5 11.Bxg4 Bxg4 12.f3 Bd7 13.Bf2 Nc6 14.Nd5 Rb8 15.O-O e6
16.Nc3 Ne5 17.Nce2 b5 18.c3 Qc7 19.b3 Ng6 20.Qd2 Bh6 21.Be3 e5 22.Nf5 Bxf5
23.exf5 Nf4 24.Rac1 Qd7 25.Rfd1 Rd8 26.Nxf4 gxf4 27.Bb6 Rb8 28.Bf2 Bf8 29.c4 Qxf5
30.cxb5 axb5 31.Rc7 Qe6 32.Ba7 Rd8 33.Qa5 Be7 34.Qxb5+ Kf8 35.Qd5 Qg6 36.Rdc1 Rg8
37.R1c2 Qg5 38.b4 h4 39.h3 Qf5 40.Kf1 Rg3 41.b5 Rd7 42.Rc8+ Kg7 43.b6 Rb7
44.Qxb7 Qd3+ 45.Kg1 Qe3+ 46.Kh2 Qe1 47.Qe4  1-0

[Event "Cannes op"]
[Site "Cannes"]
[Date "1995.??.??"]
[Round "9"]
[White "Santo Roman, Marc"]
[Black "Renet, Olivier"]
[Result "1-0"]
[WhiteElo "2465"]
[BlackElo "2530"]

1.e4 c5 2.Nf3 d6 3.d4 cxd4 4.Nxd4 Nf6 5.Nc3 a6 6.Be3 e6 7.g4 h6 8.h4 b5 9.a3 Bb7
10.Bg2 Nfd7 11.f4 Nc6 12.Nxc6 Bxc6 13.Qe2 Be7 14.g5 hxg5 15.hxg5 Rxh1+ 16.Bxh1 Qa5
17.Qd2 Qc7 18.Qd4 e5 19.Qd3 Nc5 20.Qd2 Qb7 21.Nd5 exf4 22.Bxf4 Bxd5 23.exd5 Qc7
24.Qc3 O-O-O 25.Qxg7 Bf8 26.Qd4 Re8+ 27.Kd2 Qd7 28.Rd1 Qf5 29.Rf1 Qh7 30.Bg3 f5
31.Qf6 Nd7 32.Qxf5 Qh8 33.Kc1 Bg7 34.c3 Rf8 35.Qd3 Rxf1+ 36.Qxf1 Bxc3 37.g6 Bxb2+
38.Kb1  1-0

[Event "Cannes op"]
[Site "Cannes"]
[Date "1995.??.??"]
[Round "9"]
[White "Lanka, Zigurds"]
[Black "Marinelli, Tullio"]
[Result "1/2-1/2"]
[WhiteElo "2510"]
[BlackElo "2425"]

1.e4 c5 2.Nf3 d6 3.d4 cxd4 4.Nxd4 Nf6 5.Nc3 a6 6.Be3 e5 7.Nb3 Be7 8.f3 Be6
9.Qd2 Nbd7 10.g4 Nb6 11.O-O-O Nfd7 12.Kb1 Qc7 13.Nd5 Bxd5 14.exd5 O-O 15.g5 Nc4
16.Bxc4 Qxc4 17.Rhg1 Bd8 18.Rg4 Qc8 19.Qd3 f5 20.gxf6 Nxf6 21.Rg2 Nh5 22.Nd2 Be7
23.Rdg1 Qf5 24.Qb3 b5 25.Rg4 Rac8 26.a4 Rc7 27.Bb6 Rb7 28.a5 g6 29.Ka2 Qf7
30.c4  1/2-1/2

[Event "Cappelle op"]
[Site "Cappelle la Grande"]
[Date "1995.??.??"]
[Round "3"]
[White "Rouneau, Marc"]
[Black "Kacincova, Jarmila"]
[Result "1-0"]
[WhiteElo "2125"]
[BlackElo "2085"]

1.e4 c5 2.Nf3 d6 3.d4 cxd4 4.Nxd4 Nf6 5.Nc3 a6 6.Be3 e5 7.Nb3 Be7 8.Qd2 Be6
9.O-O-O O-O 10.f3 Qc7 11.g4 Rd8 12.g5 Ne8 13.h4 b5 14.h5 Nc6 15.g6 Nf6 16.gxh7+ Kxh7
17.Nd5 Qb7 18.Bd3 Kh8 19.Rdg1 Bxd5 20.exd5 Nxd5 21.Bh6 Bf6 22.Rxg7 Bxg7 23.Rg1 Bf6
24.Bf8  1-0

[Event "Cappelle op"]
[Site "Cappelle la Grande"]
[Date "1995.??.??"]
[Round "4"]
[White "Blehm, Pawel"]
[Black "Petkevich, Jusefs"]
[Result "1-0"]
[WhiteElo "2210"]
[BlackElo "2460"]

1.e4 c5 2.Nf3 d6 3.d4 cxd4 4.Nxd4 Nf6 5.Nc3 a6 6.Be3 e6 7.f3 b5 8.Qd2 Bb7
9.g4 b4 10.Nce2 d5 11.g5 Nh5 12.Bh3 dxe4 13.fxe4 Bxe4 14.Rf1 g6 15.O-O-O Be7
16.Ng3 Nxg3 17.hxg3 Qc7 18.Bxe6 Rf8 19.Bf4 Qb7 20.Bxb8 Rxb8 21.Bb3 f5 22.gxf6 Rxf6
23.Rxf6 Bxf6 24.Re1 Rd8 25.Qf4 Rxd4 26.Qxf6  1-0

[Event "Cappelle op"]
[Site "Cappelle la Grande"]
[Date "1995.??.??"]
[Round "6"]
[White "Blehm, Pawel"]
[Black "Jonsson, Bjorgvin"]
[Result "1-0"]
[WhiteElo "2210"]
[BlackElo "2395"]

1.e4 c5 2.Nf3 d6 3.d4 cxd4 4.Nxd4 Nf6 5.Nc3 a6 6.Be3 e6 7.f3 b5 8.Qd2 Bb7
9.g4 h6 10.O-O-O Nbd7 11.h4 b4 12.Na4 Qa5 13.b3 d5 14.Bh3 dxe4 15.g5 hxg5
16.hxg5 Nd5 17.Nxe6 fxe6 18.fxe4 O-O-O 19.exd5 Bxd5 20.Bb6 Qb5 21.Bf1 Rxh1
22.Bxb5 Rxd1+ 23.Kxd1 Nxb6 24.Nxb6+ Kb7 25.Nxd5 axb5 26.Qf4 Rxd5+ 27.Ke2 Rd8
28.Qf7+ Kc6 29.Qxe6+ Bd6 30.Qe4+ Kc7 31.Kf3 Rd7 32.Qd5 Re7 33.Qxb5 Re5 34.Qc4+ Kd7
35.Qf7+ Re7 36.Qf5+ Kc6 37.Kg4 Ra7 38.Qf3+ Kc7 39.Qf7+ Kb6 40.Qe6 Kc6 41.Qc4+ Kb6
42.c3 bxc3 43.Qxc3 Rxa2 44.Qxg7 Rg2+ 45.Kf5 Bc5 46.g6 Rf2+ 47.Ke6 Re2+ 48.Kd7 Kb5
49.Qf7 Rd2+ 50.Kc7 Bb6+ 51.Kb7  1-0

[Event "Cappelle op"]
[Site "Cappelle la Grande"]
[Date "1995.??.??"]
[Round "6"]
[White "Stefansson, Hannes"]
[Black "Brustman, Agnieszka"]
[Result "1-0"]
[WhiteElo "2530"]
[BlackElo "2290"]

1.e4 c5 2.Nf3 d6 3.d4 cxd4 4.Nxd4 Nf6 5.Nc3 a6 6.Be3 e5 7.Nf3 Be7 8.Bc4 O-O
9.O-O Nc6 10.Re1 h6 11.h3 Bd7 12.a4 Na5 13.Ba2 Rc8 14.Nd2 Qc7 15.Qe2 Rfe8
16.Rec1 Nc6 17.Nd5 Nxd5 18.Bxd5 Bf6 19.c3 Be6 20.b4 Bxd5 21.exd5 Ne7 22.Qf3 a5
23.Bxh6 axb4 24.Ne4 Nxd5 25.Rd1 gxh6 26.Rxd5 Bg7 27.Nxd6 Qxc3 28.Qxf7+ Kh8
29.Rad1 Rf8 30.Qg6 Rc7 31.Qg4 Qc2 32.R5d2 Qxa4 33.Nf5 Qe8 34.Rd6 Qc8 35.Nxh6 Qxg4
36.Nxg4 Rc6 37.R6d5 b3 38.Rb5 Rc3 39.Rd7 Rb8 40.Kh2 e4 41.Rh5+ Kg8 42.Rg5 b2
43.Rgxg7+ Kf8 44.Rgf7+  1-0

[Event "Cappelle op"]
[Site "Cappelle la Grande"]
[Date "1995.??.??"]
[Round "8"]
[White "Stefansson, Hannes"]
[Black "Pedersen, Steffen"]
[Result "1-0"]
[WhiteElo "2530"]
[BlackElo "2400"]

1.e4 c5 2.Nf3 d6 3.d4 cxd4 4.Nxd4 Nf6 5.Nc3 a6 6.Be3 e5 7.Nf3 Qc7 8.a4 Be7
9.a5 O-O 10.Be2 Nbd7 11.O-O b5 12.axb6 Nxb6 13.Qd3 Bb7 14.Nd2 a5 15.Bxb6 Qxb6
16.Nc4 Qc5 17.Ne3 Rfb8 18.Ra2 Bc6 19.Rfa1 Bd8 20.Rd1 Bc7 21.b3 Rb4 22.Nc4 Rd8
23.Rda1 Ra8 24.Bf3 g6 25.h3 Kg7 26.Na4 Qb5 27.Qe3 d5 28.Nc3 Qb7 29.exd5 Nxd5
30.Bxd5 Bxd5 31.Nxa5  1-0

[Event "Cappelle op"]
[Site "Cappelle la Grande"]
[Date "1995.??.??"]
[Round "8"]
[White "Thorhallsson, Throstur"]
[Black "Pelle, Guillaume"]
[Result "1-0"]
[WhiteElo "2420"]
[BlackElo "2190"]

1.e4 c5 2.Nf3 d6 3.d4 cxd4 4.Nxd4 Nf6 5.Nc3 a6 6.Be3 e5 7.Nb3 Be6 8.Qd2 Nbd7
9.f3 Be7 10.g4 b5 11.g5 Nh5 12.a4 b4 13.Nd5 Bxd5 14.exd5 a5 15.O-O-O O-O
16.Bb5 Nb6 17.Kb1 Qc7 18.Qd3 Nf4 19.Bxf4 exf4 20.Qf5 g6 21.Qxf4 f6 22.gxf6 Bxf6
23.Qe4 Be5 24.Nd4 Rf7 25.h4 Nd7 26.Ne6 Qa7 27.Bxd7 Qxd7 28.h5 gxh5 29.Rxh5 Qa7
30.Rg5+ Kh8 31.Rxe5 dxe5 32.Qxe5+ Kg8 33.Rd4 Re7 34.Rg4+ Kf7 35.Qh5+  1-0

[Event "Castellar op"]
[Site "Castellar"]
[Date "1995.??.??"]
[Round "?"]
[White "Vehi Bach, Victor Manuel"]
[Black "Kolev, Atanas"]
[Result "1/2-1/2"]
[WhiteElo "2445"]
[BlackElo "2500"]

1.e4 c5 2.Nf3 d6 3.d4 cxd4 4.Nxd4 Nf6 5.Nc3 a6 6.Be3 e6 7.Be2 Qc7 8.a4 b6
9.f4 Bb7 10.Bf3 Nbd7 11.Qe2 Rd8 12.O-O Be7 13.Bf2 O-O 14.Kh1 Nc5 15.Rad1 g6
16.e5 dxe5 17.fxe5 Nd5 18.Nxd5 Bxd5 19.b3 Rd7 20.Bxd5 Rxd5 21.Nf3 Rfd8 22.Rxd5 Rxd5
23.Rd1 Rxd1+ 24.Qxd1 Ne4 25.Bd4 Qc6 26.Nd2 Nc5 27.Qf3 Qd7 28.c3 Kg7 29.h3 Bg5
30.Ne4 Nxe4 31.Qxe4 b5 32.axb5 Qxb5 33.Qb1 Qd5 34.b4 Qc4 35.Qd1 h5 36.Qf3 Qa2
37.Be3 Bh4 38.Kh2 Qc2 39.Bc5 Bg5 40.Be3 Bh4 41.Bc5 Bg5  1/2-1/2

[Event "Ceske Budejovice op"]
[Site "Ceske Budejovice"]
[Date "1995.??.??"]
[Round "4"]
[White "Tupy, Martin"]
[Black "Rogic, Davor"]
[Result "1-0"]
[WhiteElo "2195"]
[BlackElo "2435"]

1.e4 c5 2.Nf3 d6 3.d4 cxd4 4.Nxd4 Nf6 5.Nc3 a6 6.Be3 e6 7.g4 Be7 8.g5 Nfd7
9.h4 b5 10.Qd2 Bb7 11.Bh3 Nc6 12.O-O-O Nde5 13.Nxc6 Bxc6 14.Qd4 b4 15.Nd5 b3
16.axb3 exd5 17.f4 dxe4 18.fxe5 d5 19.Rhg1 O-O 20.h5 a5 21.g6 a4 22.gxf7+ Rxf7
23.Be6 axb3 24.Rdf1 Ra1+ 25.Kd2 Rxf1 26.Rxf1 Be8 27.Qxd5 bxc2 28.Qxd8 Bxd8
29.Kxc2 Bc7 30.b4 Bxe5 31.b5 Bf6 32.b6 Bc6 33.b7 Bxb7 34.Rb1 Kf8 35.Bc5+ Be7
36.Rxb7  1-0

[Event "Ceske Budejovice op"]
[Site "Ceske Budejovice"]
[Date "1995.??.??"]
[Round "5"]
[White "Simic, Dragan"]
[Black "Hitzgerova, Gabriela"]
[Result "1-0"]
[WhiteElo "2255"]
[BlackElo "2145"]

1.e4 c5 2.Nf3 d6 3.d4 cxd4 4.Nxd4 Nf6 5.Nc3 a6 6.Be3 e6 7.Qe2 Qc7 8.O-O-O b5
9.f3 Bb7 10.g4 Nc6 11.g5 Nd7 12.Nxc6 Qxc6 13.Qf2 O-O-O 14.Ne2 Ne5 15.Nd4 Qc7
16.Rg1 d5 17.f4 Nc4 18.e5 Kb8 19.Bxc4 Qxc4 20.Kb1 g6 21.Nb3 Rc8 22.Rd3 b4
23.Rc1 Be7 24.Rdd1 Qb5 25.Nd4 Qd7 26.Qd2 Rc4 27.c3 Rhc8 28.cxb4 Bxb4 29.Qf2 Rxc1+
30.Rxc1 Rxc1+ 31.Kxc1 Qc8+ 32.Qc2 Qxc2+ 33.Nxc2 Be7 34.Bd4 Kc7 35.Kd2 Bc6
36.Ne3 Bb4+ 37.Kc2 Ba4+ 38.b3 Bb5 39.Ng4 Be7 40.Nh6 Be8 41.Ng8 Bd8 42.Bc5 Kd7
43.Kc3 Kc7 44.Kb4 Bb5 45.a4 Bc6 46.Be7 Bxe7+ 47.Nxe7 Bb7 48.Kc5 Kd7 49.Ng8 Ke8
50.Nf6+ Ke7 51.Nxh7 Bc8 52.Nf6 Bd7 53.Ng4 Kd8 54.Ne3 Kc7 55.h4 Be8 56.Ng4 Bc6
57.Nf6 Bd7 58.h5 gxh5 59.Nxh5 Bc6 60.Ng3 Bd7 61.Ne2 Bc8 62.b4 Bd7 63.b5 axb5
64.axb5 Bc8 65.Nd4 Kd7 66.Kb6  1-0

[Event "Clichy"]
[Site "Clichy"]
[Date "1995.??.??"]
[Round "?"]
[White "Marciano, David"]
[Black "Renet, Olivier"]
[Result "1/2-1/2"]
[WhiteElo "2455"]
[BlackElo "2520"]

1.e4 c5 2.Nf3 d6 3.d4 cxd4 4.Nxd4 Nf6 5.Nc3 a6 6.Be3 e5 7.Nb3 Be6 8.f3 Nbd7
9.Qd2 Be7 10.g4 b5 11.g5 b4 12.Ne2 Nh5 13.Ng3 Nf4 14.h4 h6 15.Bxf4 exf4 16.Nh5 Bxb3
17.axb3 g6 18.Nxf4 hxg5 19.Nd5 g4 20.O-O-O gxf3 21.Qxb4 Ne5 22.Qb7 Rb8 23.Qa7 Bxh4
24.Bxa6 Kf8 25.b4 Ra8 26.Qb7 Rb8 27.Qa7  1/2-1/2

[Event "Copenhagen op17"]
[Site "Copenhagen"]
[Date "1995.??.??"]
[Round "7"]
[White "Lutz, Christopher"]
[Black "Mortensen, Erling"]
[Result "1/2-1/2"]
[WhiteElo "2560"]
[BlackElo "2500"]

1.e4 c5 2.Nf3 d6 3.d4 cxd4 4.Nxd4 Nf6 5.Nc3 a6 6.Be3 e6 7.Be2 Qc7 8.a4 b6
9.f4 Bb7 10.Bf3 Be7 11.O-O O-O 12.Qe1 Nbd7 13.Bf2 e5 14.Nf5 Rfe8 15.Rd1 Bf8
16.Qd2 Re6 17.Bh4 exf4 18.Qxf4 Ne5 19.Nd4 Ree8 20.Bxf6 Ng6 21.Qg3 gxf6 22.Nf5 Rad8
23.Kh1 Qc5 24.Qf2 Bc6 25.Qd4 Ne5 26.Be2 Bb7 27.Nd5 Bxd5 28.exd5 Qxd4 29.Rxd4 Ra8
30.Rb4 Nd7 31.Bh5 Ne5 32.Rxb6 Rec8 33.c3 Rcb8 34.Rxb8 Rxb8 35.Rb1 Nc4 36.Be2 Nd2
37.Ra1 Rxb2 38.Bxa6 Nb3 39.Re1 Nc5 40.Bb5 Rf2 41.Ng3 Rc2 42.c4 Nd3 43.Ra1 Bh6
44.Nf5 Bf4 45.a5 Be5 46.Rb1 h5 47.a6 Ra2 48.c5 Nxc5 49.Bc4 Ra4 50.Be2 h4
51.Nxh4 Nxa6 52.g3 Nc5 53.Rb8+  1/2-1/2

[Event "Copenhagen op17"]
[Site "Copenhagen"]
[Date "1995.??.??"]
[Round "8"]
[White "Thorhallsson, Throstur"]
[Black "Brondum, Eric"]
[Result "1/2-1/2"]
[WhiteElo "2420"]
[BlackElo "2245"]

1.e4 c5 2.Nf3 d6 3.d4 cxd4 4.Nxd4 Nf6 5.Nc3 a6 6.Be3 Ng4 7.Bg5 h6 8.Bh4 g5
9.Bg3 Bg7 10.Be2 h5 11.h4 Nc6 12.Nb3 gxh4 13.Rxh4 Be6 14.Qd2 Qb6 15.Bxg4 hxg4
16.Rxh8+ Bxh8 17.O-O-O Ne5 18.Nd5 Bxd5 19.Qxd5 e6 20.Qa5 Qxa5 21.Nxa5 O-O-O
22.Rh1 Bf6 23.c3 Rh8 24.Rd1 Rd8 25.Kc2 Kc7 26.Nb3 Rh8 27.Nd2 Rh5 28.Nf1 Bh4
29.Bxh4 Rxh4 30.Ne3 Rh2 31.Rg1 Rh4 32.Kd2 Kc6 33.Ke2 Rh5 34.Rd1 Rh2 35.a4 Kc7
36.b3 Rh5 37.Rg1 Rh2 38.Nc2 Ng6 39.Ke3 Ne5 40.Kf4 Rh4 41.Kg3 Rh8 42.Ne3 Kd7
43.Rd1 Kc7 44.Kf4 Rh4 45.Rd4 Nc6 46.Rd1 g3+ 47.Kxg3 Rxe4 48.Rh1 Ne5 49.Rh7 b5
50.axb5 axb5 51.Nc2 Rg4+ 52.Kh3 Rf4 53.f3 Nxf3 54.gxf3 Rxf3+ 55.Kg4 Rxc3
56.Nd4 Kb6 57.Rxf7 e5 58.Nf5 Rxb3 59.Nxd6 Rb4+  1/2-1/2

[Event "Copenhagen op17"]
[Site "Copenhagen"]
[Date "1995.??.??"]
[Round "9"]
[White "Brondum, Eric"]
[Black "Maksimenko, Andrei"]
[Result "1-0"]
[WhiteElo "2245"]
[BlackElo "2525"]

1.Nf3 c5 2.e4 d6 3.d4 cxd4 4.Nxd4 Nf6 5.Nc3 a6 6.Be3 e6 7.f3 b5 8.g4 Bb7
9.Qd2 Nbd7 10.O-O-O Nb6 11.Qf2 Nfd7 12.h4 Rc8 13.Bd3 Rxc3 14.bxc3 Qc7 15.Ne2 d5
16.g5 Na4 17.Qe1 Ne5 18.Rf1 Ba3+ 19.Kb1 dxe4 20.fxe4 O-O 21.h5 Nc4 22.Bc1 Bxc1
23.Kxc1 Ne3 24.g6 hxg6 25.Rh1 Qc5 26.hxg6 fxg6 27.Qg1 Nxd1 28.Kxd1 Qxg1+
29.Rxg1 Nc5 30.e5 Nxd3 31.cxd3 Rf5 32.d4  1-0

[Event "ESP-chT"]
[Site "Cordoba"]
[Date "1995.??.??"]
[Round "4"]
[White "Pablo Marin, Alejandro"]
[Black "Serra Olives, Tomas"]
[Result "1/2-1/2"]
[WhiteElo "2390"]
[BlackElo "2220"]

1.e4 c5 2.Nf3 d6 3.d4 cxd4 4.Nxd4 Nf6 5.Nc3 a6 6.Be3 e6 7.Qd2 Be7 8.f3 Qc7
9.O-O-O Nc6 10.g4 b5 11.g5 Nd7 12.h4 Nce5 13.h5 Nb6 14.Qg2 b4 15.Nb1 Nbc4
16.Bg1 Qa5 17.f4 Qxa2 18.c3 Rb8 19.b3 Qa1 20.Rh2 bxc3 21.Qa2 Qxa2 22.Rxa2 Nb2
23.Rxb2 cxb2+ 24.Kxb2 Nd7 25.Nc6 Ra8 26.Nc3 Nb8 27.Na5 O-O 28.Nc4 Nd7 29.Nxd6 Rd8
30.Nxc8 Raxc8 31.Bxa6 Rb8 32.Bc4 Nc5 33.Rxd8+ Rxd8 34.Kc2 Kf8 35.Be3 Rc8
36.f5 Bd6 37.g6 hxg6 38.hxg6 Be5 39.Bxc5+ Rxc5 40.gxf7 Bxc3 41.Kxc3 exf5
42.b4 Re5 43.exf5 Rxf5 44.b5 Rf6 45.Kd4  1/2-1/2

[Event "ESP-chT"]
[Site "Cordoba"]
[Date "1995.??.??"]
[Round "7"]
[White "Torrecillas Martinez, Antonio"]
[Black "Banegas Gomez, Ricard"]
[Result "1/2-1/2"]
[WhiteElo "2360"]
[BlackElo "2130"]

1.Nf3 c5 2.e4 d6 3.d4 cxd4 4.Nxd4 Nf6 5.Nc3 a6 6.Be3 e5 7.Nf3 Be7 8.Bc4 O-O
9.Bg5 Nc6 10.O-O Bg4 11.h3 Bh5  1/2-1/2

[Event "ESP-chT"]
[Site "Cordoba"]
[Date "1995.??.??"]
[Round "7"]
[White "Rodriguez Talavera, Juan Carlos"]
[Black "Gamundi, Antonio"]
[Result "1/2-1/2"]
[WhiteElo "2420"]
[BlackElo "2375"]

1.e4 c5 2.Nf3 d6 3.d4 cxd4 4.Nxd4 Nf6 5.Nc3 a6 6.Be3 e6 7.f3 b5 8.g4 Bb7
9.g5 Nfd7 10.Qd2 Qa5 11.Nb3 Qc7 12.Bd3 Nc5 13.O-O Nbd7 14.Rf2 Be7 15.Rd1 O-O
16.Nxc5 dxc5 17.Bxb5 Ne5 18.Be2 Rad8 19.Qe1 Nc6 20.Bf1 Nd4 21.Bg2 f6 22.f4 fxg5
23.fxg5 Bd6 24.Rxf8+ Rxf8 25.Qh4 Nxc2 26.Bf2 Nd4 27.Bg3 Bf4 28.Rf1 Be3+ 29.Bf2 Rxf2
30.Rxf2 Qe5 31.Kf1 a5 32.Qg3 Ba6+ 33.Ke1 Qxg3 34.hxg3 Bxf2+ 35.Kxf2 Kf7 36.Na4 c4
37.Nc5 Bc8 38.Bf1 Kg6 39.Ke3 e5 40.Bxc4 Kxg5 41.Nd3 Kf6 42.Kf2 Bb7 43.Nc5 Bc6
44.Bd5 h5 45.a3 Ke7 46.Bxc6 Nxc6 47.Nd3 Kd6 48.b4 axb4 49.axb4 Nd4 50.Kg2 Ne6
51.Kf2 Ng5 52.Ke3 Nf7 53.Nc5 Kc6 54.Ne6 g6 55.Nf8 g5 56.Nh7 Kb5 57.Nf6 h4
58.gxh4 gxh4 59.Kf3 Ng5+ 60.Kg2 Kxb4 61.Ng4 Nxe4  1/2-1/2

[Event "CUB-ch"]
[Site "CUB"]
[Date "1995.??.??"]
[Round "1"]
[White "Perez, Rodney"]
[Black "Rodriguez, Amador"]
[Result "1/2-1/2"]
[WhiteElo "2305"]
[BlackElo "2520"]

1.e4 c5 2.Nf3 d6 3.d4 cxd4 4.Nxd4 Nf6 5.Nc3 a6 6.Be3 e5 7.Nb3 Be7 8.f3 Be6
9.Qd2 Nbd7 10.g4 h6 11.Rg1 b5 12.O-O-O Nb6 13.Bf2 Nfd7 14.Kb1 g5 15.Nc1 b4
16.Nd5 Bxd5 17.exd5 Qc7 18.Bxb6 Nxb6 19.Bd3 Na4 20.Nb3 Bd8 21.Qe2 Qa7 22.Rh1 Kf8
23.Bc4 Qb6 24.h4 gxh4 25.f4 exf4  1/2-1/2

[Event "CUB-ch"]
[Site "CUB"]
[Date "1995.??.??"]
[Round "4"]
[White "Garcia, Osmel"]
[Black "Vera, Reynaldo"]
[Result "0-1"]
[WhiteElo "2345"]
[BlackElo "2500"]

1.e4 c5 2.Nf3 d6 3.d4 cxd4 4.Nxd4 Nf6 5.Nc3 a6 6.Be3 e5 7.Nb3 Be6 8.f3 Be7
9.Qd2 O-O 10.g4 d5 11.Bc5 d4 12.Bxe7 Qxe7 13.Ne2 Nc6 14.Ng3 Rfc8 15.Bd3 Nb4
16.O-O Rc7 17.g5 Nd7 18.f4 exf4 19.Qxf4 Nc5 20.Rf3 Nbxd3 21.cxd3 Bxb3 22.Nf5 Qd8
23.axb3 Ne6 24.Qe5 Rc5 25.Qd6 Qxd6 26.Nxd6 Nxg5 27.Rf5 Rxf5 28.exf5 h5 29.Kf2 Rd8
30.Ne4 Nxe4+ 31.dxe4 Rc8 32.Rd1 Rc2+ 33.Kg3 Rxb2 34.Rd3 f6 35.h3 Kh7 36.Rxd4 Rxb3+
37.Kh4 a5 38.Rd7 Kh6 39.Rd6 Rb4 40.Re6 a4 41.Re8 g5+ 42.Kg3 a3 43.Ra8 Rb3+
44.Kg2 Kg7 45.Rc8 Rb6 46.Rc7+  0-1

[Event "CUB-ch"]
[Site "CUB"]
[Date "1995.??.??"]
[Round "5"]
[White "Pupo, Emilio"]
[Black "Rodriguez, Amador"]
[Result "1/2-1/2"]
[WhiteElo "2320"]
[BlackElo "2520"]

1.e4 c5 2.Nf3 d6 3.d4 cxd4 4.Nxd4 Nf6 5.Nc3 a6 6.Be3 e5 7.Nb3 Be7 8.Qd2 Be6
9.f3 Nbd7 10.g4 h6 11.h4 b5 12.O-O-O Nb6 13.Qf2 Nfd7 14.Kb1 Qc7 15.Nd5 Bxd5
16.exd5 Nc4 17.Bc1 Ndb6 18.Bd3 Rb8 19.f4 a5 20.fxe5 dxe5 21.Rhf1 Bd6 22.g5 h5
23.g6 f6 24.Qe2 Be7 25.Rf5 a4 26.Nd2 Nxd5 27.Ne4 Rd8 28.a3 Bf8 29.c3 Qc6
30.Qf3 Rd7 31.Ka1 Kd8 32.Rxh5 Rxh5 33.Qxh5 Kc7 34.Qe2 Nf4 35.Bxf4 exf4 36.Bxc4 Rxd1+
37.Qxd1 Qxc4 38.Qf3 Bd6 39.h5 f5 40.Ng5 Qb3 41.Qd3 Be7 42.Nf3 Bf6 43.Nd4 Bxd4
44.Qxd4 Kc6 45.h6 gxh6 46.c4 f3 47.Qd5+ Kc7 48.Qc5+ Kb7 49.Qe7+ Kc6 50.Qe6+ Kc7  1/2-1/2

[Event "CZE-chT1b"]
[Site "?"]
[Date "1995.??.??"]
[Round "?"]
[White "Pokrupa, Marek"]
[Black "Paulovic, Tomas"]
[Result "0-1"]
[WhiteElo "2155"]
[BlackElo "2160"]

1.e4 c5 2.Nf3 d6 3.d4 cxd4 4.Nxd4 Nf6 5.Nc3 a6 6.Be3 e5 7.Nb3 Be6 8.Qd2 b5
9.f3 Be7 10.O-O-O O-O 11.g4 b4 12.Nd5 Bxd5 13.exd5 a5 14.Kb1 Qc7 15.h4 Nbd7
16.g5 Nh5 17.Bh3 Nb6 18.Bg4 Nc4 19.Qd3 e4 20.Qd4 Ng3 21.fxe4 Nxh1 22.Rxh1 a4
23.Nd2 Ne5 24.Bd1 Rfc8 25.Qxb4 Rcb8 26.Qd4 Qa5 27.Nc4 Qb5 28.Nxe5 dxe5 29.Qxe5 Bd6
30.Qd4 Bc5 31.Be2 Bxd4 32.Bxb5 Bxe3 33.Bc6 Ra6 34.Rd1 Rd8 35.Rd3 Bf4 36.Rd4 Rxc6  0-1

[Event "CZE-chT1b"]
[Site "?"]
[Date "1995.??.??"]
[Round "?"]
[White "Reischig, Tomas"]
[Black "Paulovic, Tomas"]
[Result "0-1"]
[WhiteElo "2065"]
[BlackElo "2160"]

1.e4 c5 2.Nf3 d6 3.d4 cxd4 4.Nxd4 Nf6 5.Nc3 a6 6.Be3 e5 7.Nb3 Be6 8.f3 Nbd7
9.g4 b5 10.Qd2 Nb6 11.Qf2 Nfd7 12.O-O-O Be7 13.h4 O-O 14.g5 b4 15.Nd5 Nxd5
16.exd5 Bf5 17.Bd3 Bxd3 18.Rxd3 a5 19.Kb1 a4 20.Nc1 Qc7 21.c3 e4 22.fxe4 Ne5
23.Rd2 bxc3 24.Rc2 Rfb8 25.Bd4 Rxb2+ 26.Rxb2 cxb2 27.Bxb2 Rb8 28.Ka1 Nc4
29.Nd3 Nxb2 30.Nxb2 a3 31.Na4 Rb4 32.Rb1 Rxa4 33.Qc2 Qxc2  0-1

[Event "CZE-chT2"]
[Site "?"]
[Date "1995.??.??"]
[Round "?"]
[White "Havranek, Miroslav"]
[Black "Belaska, Premysl"]
[Result "0-1"]
[WhiteElo "2280"]
[BlackElo "2230"]

1.e4 c5 2.Nf3 d6 3.d4 cxd4 4.Nxd4 Nf6 5.Nc3 a6 6.Be3 e6 7.f3 Qc7 8.Qd2 Nc6
9.O-O-O Be7 10.g4 h6 11.h4 b6 12.Qg2 g6 13.Qd2 h5 14.g5 Nd7 15.f4 Bb7 16.Bd3 O-O-O
17.Nxc6 Qxc6 18.Qe2 Nc5 19.Rhf1 Rhe8 20.a3 d5 21.exd5 exd5 22.Qf2 Nxd3+ 23.Rxd3 Bc5
24.Bd4 Bxd4 25.Qxd4 Qc5 26.Rfd1 Qxd4 27.Rxd4 Kc7 28.Kd2 Kc6 29.b4 Bc8 30.Re1 Rxe1
31.Kxe1 Bf5 32.Kd2 Rd7 33.Nd1 Be6 34.c3 Bf5 35.Ne3 Be6 36.a4 Rd6 37.Nf1 Bh3
38.Ng3 Bg4 39.Rd3 Re6 40.Re3 Kd6 41.Nf1 Rxe3 42.Nxe3 Bd7 43.a5 bxa5 44.bxa5 Kc5
45.Nc2 Kb5 46.Ke3 Kc4 47.Kd2 Bc8 48.Nd4 Bf5 49.Nc6 Kb5 50.Ne5 Be6 51.Kc2 Kxa5
52.Kb3 Kb5 53.Kb2 d4 54.cxd4 Kb4 55.Kc2 a5 56.Nc6+ Kc4 57.Nxa5+ Kxd4 58.Nc6+ Ke3
59.Kc3 Kxf4 60.Kd4 Kg4 61.Ke5 Kxh4 62.Kf4 Kh3 63.Nd4 Kg2 64.Nf3 Kf2 65.Ne5 h4
66.Ng4+ Bxg4 67.Kxg4 h3  0-1

[Event "CZE-chT2"]
[Site "?"]
[Date "1995.??.??"]
[Round "?"]
[White "Vodicka, Vladimir"]
[Black "Pesout, Jan"]
[Result "1/2-1/2"]
[WhiteElo "2335"]
[BlackElo "2260"]

1.e4 c5 2.Nf3 d6 3.d4 cxd4 4.Nxd4 Nf6 5.Nc3 a6 6.Be3 e5 7.Nf3 Be7 8.Bc4 O-O
9.O-O Bg4 10.h3 Bh5 11.a4 Nbd7 12.g4 Bg6 13.Nd2 Rc8 14.Qe2 Nc5 15.Bxc5 Rxc5
16.Rfd1 h6 17.h4 Qc8 18.f3 Bh7 19.Bb3 Rd8 20.Nf1 Ne8 21.h5 Nc7 22.Nd5 Nxd5
23.Rxd5 Rxd5 24.Bxd5 Bg5 25.Ra3 Rd7 26.Rc3 Rc7 27.Rxc7 Qxc7 28.Qf2 b6 29.c3 g6
30.Ne3 Kg7 31.Kg2 b5 32.axb5 axb5 33.Nc2 gxh5 34.gxh5 Bf4 35.Nb4 Qe7 36.Kf1 Qg5
37.Qg2 Bg3 38.Ke2 f5 39.Qh3 Bf4 40.Nd3 Qg1 41.Ne1 Qe3+ 42.Kf1 Bg5 43.Qg2 Qc1
44.Qg1 Qe3 45.Qxe3 Bxe3 46.Ke2 Bb6 47.Nc2 Kf6 48.Na3 Kg5 49.Nxb5 Kxh5 50.Nxd6 fxe4
51.Nc4 Bc7 52.fxe4 Kg5 53.Kf3 Bg6 54.b4 Be8 55.Nd2 h5 56.c4 h4 57.Be6 Bh5+
58.Ke3 Bd6 59.c5 Bf8 60.Nf3+ Kf6 61.Bf5 Bh6+ 62.Kf2 Be8 63.Ne1 Bb5 64.Nc2 Bd2
65.Na3 Ba4 66.b5 Ke7 67.c6 Kd8 68.Nc4 Bb4 69.Ne3 Bc5 70.Kf3  1/2-1/2

[Event "CZE-chT2b 9596"]
[Site "CZE"]
[Date "1995.??.??"]
[Round "?"]
[White "Ptacnikova, Lenka"]
[Black "Salac, Jiri"]
[Result "1-0"]
[WhiteElo "2185"]
[BlackElo "2235"]

1.e4 c5 2.Nf3 d6 3.d4 cxd4 4.Nxd4 Nf6 5.Nc3 a6 6.Be3 e5 7.Nb3 Be7 8.a4 Be6
9.Be2 Qc7 10.a5 Nbd7 11.O-O O-O 12.Nd5 Nxd5 13.exd5 Bf5 14.c3 Bg6 15.Nd2 Rfe8
16.Nc4 Rac8 17.Nb6 Nxb6 18.axb6 Qd7 19.c4 f5 20.f3 Bf6 21.Qd2 f4 22.Bf2 e4
23.fxe4 Bxe4 24.Qxf4 Bxd5 25.Bg4 Be6 26.Bxe6+ Rxe6 27.Rad1 Bxb2 28.c5 Be5
29.Qg4 Bxh2+ 30.Kh1 Be5 31.Kg1 Rce8 32.cxd6 Bh2+ 33.Kxh2 Rh6+ 34.Qh4 Ree6
35.Qxh6 Rxh6+ 36.Kg1 Re6 37.Rc1 Rg6 38.Rfd1 Rxd6 39.Re1 h5 40.Rc7 Qg4 41.Rxb7 h4
42.Rb8+ Kh7 43.b7 Qb4 44.Rh8+ Kxh8 45.Re8+ Kh7 46.b8=Q Qxb8 47.Rxb8 g5 48.Kh2 Rd3
49.Rb6 Ra3 50.Rc6 a5 51.Ra6 Kg7 52.Bc5 Ra2 53.Be7 g4 54.Bxh4 a4 55.Kg3 Kf7
56.Rf6+ Kg7 57.Bg5 Rc2 58.Ra6 Ra2 59.Bf4 Kf7 60.Bg5 Ke8 61.Ra7 Kf8 62.Bf6 Ke8
63.Re7+ Kf8 64.Re4 Kf7 65.Bg5 a3 66.Ra4 Ra1 67.Be3 a2 68.Bd4 Rd1 69.Bb2 Rd3+
70.Kh2 Ke6 71.Rxa2 Kf5 72.Ra3 Rd2 73.Bc1 Rc2 74.Be3 Ke4 75.Kg3 Re2 76.Bh6 Rc2
77.Ra4+ Kf5 78.Ra5+ Kg6 79.Bf4 Kf6 80.Rg5 Ra2 81.Rxg4 Rc2 82.Rg5 Ra2 83.Rd5 Rc2
84.Rd2 Rc4 85.Kg4 Ra4 86.Rd6+ Ke7 87.Rb6 Ra2 88.g3 Kd7 89.Kf5 Ra5+ 90.Be5 Ra2
91.g4 Ke7 92.Rb7+ Kf8 93.Bd6+ Ke8 94.Ke6 Re2+ 95.Be5  1-0